000 00349 a2200157 4500
001 47576
020 _a9788582056585
040 _cAnchieta - Aquarius
100 _aMassi, Augusto
240 1 0 _aMonstros do cinema
_lpor
245 1 0 _aMonstros do cinema
300 _a52p.
362 0 _a2016
650 4 _aLiteratura infanto-juvenil
942 _cBK
999 _c47576
_d47576